| 000 | 00428pab a2200181 454500 | ||
|---|---|---|---|
| 008 | 180718b2015 xxu||||| |||| 00| 0 eng d | ||
| 100 | _aGrossman, Gene M. | ||
| 245 | _aGlobalization and growth | ||
| 260 | _c2015 | ||
| 300 | _ap.100-104. | ||
| 362 | _aMay | ||
| 650 | _aGlobalization | ||
| 650 | _aEconomic growth | ||
| 650 | _a | ||
| 700 | _aHelpman, Elhanan | ||
| 773 | _aAmerican Economic Review | ||
| 909 | _a108226 | ||
| 999 |
_c108221 _d108221 |
||